THE VILLAGE BRIDE OF BEVERLY HILLS (Record no. 33995)

MARC details
000 -LEADER
fixed length control field 00266nam a22001217a 4500
003 - CONTROL NUMBER IDENTIFIER
control field SGT
082 ## - DEWEY DECIMAL CLASSIFICATION NUMBER
Classification number 823
Item number DAS
100 ## - MAIN ENTRY--PERSONAL NAME
Personal name DASWANI KAVITA
245 ## - TITLE STATEMENT
Title THE VILLAGE BRIDE OF BEVERLY HILLS
260 ## - PUBLICATION, DISTRIBUTION, ETC. (IMPRINT)
Place of publication, distribution, etc USA
Name of publisher, distributor, etc APLUME BOOK
Year of Publication 2004
300 ## - PAGE DESCRIPTION
No. of Pages 271
942 ## - ADDED ENTRY ELEMENTS (KOHA)
Source of classification or shelving scheme Dewey Decimal Classification
Koha item type Books
Holdings
Withdrawn status Lost status Source of classification or shelving scheme Damaged status Not for loan Collection code Home library Current library Shelving location Date acquired SGTU Total Checkouts Full call number Accession No. (Barcode) Date last seen Bill Date Koha item type
    Dewey Decimal Classification     MASS COMMUNICATION SGT Science & Social Sciences Library SGT Science & Social Sciences Library Text Book 06/02/2026 SGTU   823 DAS MC1652 06/02/2026 06/02/2026 Books